000
00326nam a2200109Ia 4500
008
171211s9999 xx 000 0 und d
245
_a
Preference Learning
245
_c
Eyke Hüllermeier and Johannes Fürnkranz
260
_c
2010
650
_x
INFORMATION TECHNOLOGIES
856
_u
http://down.ebook777.com/063/3642141242.pdf
999
_c
349717
_d
349717